000 01095nam a22003257a 4500
003 CHAP
005 20220329141220.0
008 971010s1987 r 00010 d
010 _a64527
011 _a65499
035 _a72359
040 _cCHAP
090 _aTesis
100 0 0 _aSantos Corona, Rogelio de los.
_9102461
245 _aInstalaciones para el ganado caprino explotado de manera extensiva en la Comarca Lagunera
260 _aCd. Lerdo, Dgo. :
_bEl autor,
_c1987
300 _a66 h.
_b: ilus.
502 _aTesis (Ing. Agr. Esp. Zonas Aridas) -- UACH. Departamento de Zonas Aridas
590 _aALEPH
_b10
_c20130110
_lUCH01
_h1352
590 _aBATCH-UPD
_b10
_c20130110
_lUCH01
_h0828
590 _aBATCH-UPD
_b10
_c20130410
_lUCH01
_h0506
590 _aBATCH-UPD
_b10
_c20130914
_lUCH01
_h1508
590 _aCONVERSION
_b10
_c20130109
_lUCH01
_h1335
650 1 4 _aGanado cabrĂ­o
_xAlojamiento.
_944991
650 1 4 _aGranjas caprinas.
_950403
901 _aBK
942 _cTESIS
949 _bBC
_cTES
_d-153785
_eTS1
_h19918
_i72359
_si
949 _bZA
_cTESBD
_d-5061
_eTS1
_i72359
_si
999 _c64527
_d64527